Air Operations in Israel's War Against Hezbollah (Record no. 351694)
[ view plain ]
| 000 -LEADER | |
|---|---|
| fixed length control field | 00599nam a2200133Ia 4500 |
| 008 - FIXED-LENGTH DATA ELEMENTS--GENERAL INFORMATION | |
| fixed length control field | 171212s9999 xx 000 0 und d |
| 020 ## - INTERNATIONAL STANDARD BOOK NUMBER | |
| International Standard Book Number | 9780833051462 |
| 100 ## - MAIN ENTRY--PERSONAL NAME | |
| Personal name | Lambeth, Benjamin S. |
| 245 ## - TITLE STATEMENT | |
| Statement of responsibility, etc | Lambeth, Benjamin S. |
| Title | Air Operations in Israel's War Against Hezbollah |
| Remainder of title | Learning from Lebanon and Getting It Right in Gaza |
| 260 ## - PUBLICATION, DISTRIBUTION, ETC. (IMPRINT) | |
| Name of publisher, distributor, etc | RAND Corporation |
| Date of publication, distribution, etc | 2011 |
| 650 ## - SUBJECT ADDED ENTRY--TOPICAL TERM | |
| Topical term or geographic name as entry element | History |
| 650 ## - SUBJECT ADDED ENTRY--TOPICAL TERM | |
| Topical term or geographic name as entry element | Lebanon War, 2006 -- Aerial operations, Israeli; Arab-Israeli conflict -- 1993 -- Aerial operations, Israeli; Israel. Hel ha-avir; Hizballah (Lebanon) |
| 856 ## - ELECTRONIC LOCATION AND ACCESS | |
| Uniform Resource Identifier | <a href="www.jstor.org/stable/10.7249/mg835af">www.jstor.org/stable/10.7249/mg835af</a> |
| Withdrawn status | Lost status | Damaged status | Home library | Current library | Date acquired | Total Checkouts | Full call number | Date last seen | Price effective from | Koha item type |
|---|---|---|---|---|---|---|---|---|---|---|
| College Library | College Library | 12/12/2017 | DS87.65L36 2011 | 12/12/2017 | 12/12/2017 | Curriculum - Based eBooks |